[Event "EU-ch Amateur U2000"]
[Site "Zagreb"]
[Date "2022.08.18"]
[Round "6"]
[White "Koksa, Jelena"]
[Black "Javorek, David"]
[Result "1/2-1/2"]
[WhiteElo "1877"]
[BlackElo "1834"]
[PlyCount "73"]
[EventDate "2022.08.14"]
[EventType "swiss"]
[EventRounds "9"]
[EventCountry "CRO"]
[SourceTitle "CBM 210 Extra"]
[Source "ChessBase"]
[SourceDate "2022.11.30"]
[SourceVersion "1"]
[SourceVersionDate "2022.11.30"]
[SourceQuality "1"]

1. e4 e5 2. Nf3 Nc6 3. d4 exd4 4. Nxd4 Bb4+ 5. c3 Bc5 6. Nxc6 bxc6 7. Bd3 Qh4 8. 0-0 Nf6 9. Qf3 d5 10. exd5 0-0 11. Bf4 Nxd5 12. Bg3 Qg5 13. b4 Bd6 14. b5 Rb8 15. bxc6 Bg4 16. Qe4 Nf6 17. Qa4 Qc5 18. Qc4 Rb2 19. Qxc5 Bxc5 20. Bxc7 Rc8 21. Be5 Rxc6 22. c4 Rb7 23. h3 Rd7 24. Bc2 Be2 25. Re1 Re7 26. Nc3 Rxe5 27. Rxe2 Bd4 28. Rd1 Rxe2 29. Nxe2 Bb6 30. Bd3 Kf8 31. Nc3 Rd6 32. Be2 Rxd1+ 33. Bxd1 Nd7 34. Nd5 Bd4 35. Kf1 Nc5 36. Bc2 g6 37. Ke2 1/2-1/2